Teórie medzinárodných hospodárskych vzťahov vybrané teórie

Saved in:
Bibliographic Details
Main Author: Grančay, Martin, 1984-2024
Corporate Author: Ekonomická univerzita v Bratislave. Fakulta medzinárodných vzťahov
Other Authors: Dudáš, Tomáš, 1976-, Grešš, Martin, 1978-, Lipková, Ľudmila, Fojtíková, Lenka
Format: Book
Language:Slovak
Published: Bratislava Vydavateľstvo EKONÓM 2014
Edition:1. vyd.
Subjects:
Tags: Add Tag
No Tags, Be the first to tag this record!

MARC

LEADER 00000nam a2200000 4500
001 0194314
005 20250925080243.9
020 |a 978-80-225-3921-0 
041 0 |a slo 
044 |a SK 
245 1 0 |a Teórie medzinárodných hospodárskych vzťahov  |b vybrané teórie  |c Martin Grančay a kolektív ; recenzenti: Ľudmila Lipková, Lenka Fojtíková 
250 |a 1. vyd. 
264 1 |a Bratislava  |b Vydavateľstvo EKONÓM  |c 2014 
300 |a 483 s. [32,61 AH] 
610 2 0 |a vzťahy hospodárske medzinárodné 
610 2 0 |a obchod medzinárodný 
610 2 0 |a teórie ekonomické 
610 2 0 |a merkantilizmus 
610 2 0 |a keynesizmus 
610 2 0 |a investície zahraničné 
610 2 0 |a investície priame zahraničné 
610 2 0 |a migrácia 
100 1 |a Grančay, Martin, 1984-2024 
700 1 |a Dudáš, Tomáš, 1976- 
700 1 |a Grešš, Martin, 1978- 
700 1 |a Lipková, Ľudmila 
700 1 |a Fojtíková, Lenka 
710 2 |a Ekonomická univerzita v Bratislave. Fakulta medzinárodných vzťahov